000 00309nam a22001457a 4500
003 SGT
082 _a648
_bAND
100 _aANDREWS, SUDHIR
245 _aHOTEL HOUSEKEEPING
250 _a1ST
260 _aINDIA
_bMC GRAW HILL
_c2010
300 _a302
650 _aHOTEL HOUSEKEEPING
942 _2ddc
_cBK
_02
999 _c28557
_d28557